| 000 | 03052cam a22006014i 4500 | ||
|---|---|---|---|
| 003 | PE-LiUPU | ||
| 005 | 20250731165443.0 | ||
| 008 | 160608s2016 sp r 000 0 cat d | ||
| 020 | _a8491163840 | ||
| 020 | _a9788491163848 | ||
| 035 | _a(Sirsi) i9788491163848 | ||
| 040 |
_aC3L _bspa _cC3L _dPE-LiUPU _erda |
||
| 050 | 4 | _aQA | |
| 082 | 1 | 4 |
_a004 _bC85 _214 |
| 100 | 1 |
_aCot Ros, Eduard, _eautor. |
|
| 245 | 1 | 0 |
_aConstelación Babieca / _cEduard Cot Ros. |
| 264 |
_aBarcelona : _bEditorial UOC, _c2016. |
||
| 300 |
_a159 páginas ; _c21 centímetros. |
||
| 336 |
_atext _2rdacontent |
||
| 337 |
_aunmediated _2rdamedia |
||
| 338 |
_avolume _2rdacarrier |
||
| 504 | _aÍndices: páginas 147-154. | ||
| 505 | 0 | _aCapítulo 1 -- Capítulo 2 -- Capítulo 3 -- Capítulo 4 -- Capítulo 5 -- Capítulo 6 -- Capítulo 7 -- Capítulo 8 -- Capítulo 9 -- Capítulo 10 -- Capítulo 11 -- Capítulo 12 -- Capítulo 13 -- Capítulo 14 -- Capítulo 15 -- Capítulo 16 -- Capítulo 17 -- Capítulo 18 -- Capítulo 19 -- Capítulo 20 -- Capítulo 21 -- | |
| 526 | _aSEG44 | ||
| 526 | _aSEG26 | ||
| 526 | _aP151 | ||
| 526 | _aP150 | ||
| 526 | _aP149 | ||
| 526 | _aP146 | ||
| 526 | _aP145 | ||
| 526 | _aP126 | ||
| 526 | _aP125 | ||
| 526 | _aP92 | ||
| 526 | _aP75 | ||
| 526 | _aP74 | ||
| 526 | _aP27 | ||
| 526 | _aP15 | ||
| 541 | _g001-003270; | ||
| 650 | 7 | _aNovellette. | |
| 910 |
_ajck _bebj _cebj _d20160926 |
||
| 942 |
_2ddc _cBOOK |
||
| 949 |
_a004 C85 _wDEWEY _c1 _i74645 _lCCODEBUL1 _mBUL _p29.80 _r0 _sY _tBOOK _u2016-9-26 _xINGENIERIA _PP27 _0COMPRA _o.STAFF. Colección Ingeniería y Arquitectura |
||
| 949 |
_a004 C85 _wDEWEY _c2 _i74646 _lCCODEBUL1 _mBUL _p29.80 _r0 _sY _tBOOK _u2016-9-26 _xINGENIERIA _PP27 _0COMPRA _o.STAFF. Colección Ingeniería y Arquitectura |
||
| 949 |
_a004 C85 _wDEWEY _c3 _i74647 _lCCODEBUL1 _mBUL _p29.80 _r0 _sY _tBOOK _u2016-9-26 _xINGENIERIA _PP27 _0COMPRA _o.STAFF. Colección Ingeniería y Arquitectura |
||
| 949 |
_a004 C85 2016 _wDEWEY _c1 _iFJ06856 _lCCODEBUJ1 _mBUJ _p30.48 _r0 _sY _tBOOK _u2017-10-22 _xINGENIERIA _PP27 _0COMPRA _o.STAFF -- Colección General Juliaca |
||
| 994 |
_aC0 _bPEPRU |
||
| 596 | _a1 3 | ||
| 999 |
_a004 C85 _wDEWEY _c12636 _i74645 _f2021-11-9 _g7 _lCCODEBUL1 _mBUL _p29.80 _q1 _r0 _sY _tBOOK _u2016-9-26 _xINGENIERIA _PP27 _0COMPRA _o.STAFF. Colección Ingeniería y Arquitectura _d12636 |
||
| 999 |
_a004 C85 _wDEWEY _c2 _i74646 _f2021-11-9 _g7 _lCCODEBUL1 _mBUL _p29.80 _q1 _r0 _sY _tBOOK _u2016-9-26 _xINGENIERIA _PP27 _0COMPRA _o.STAFF. Colección Ingeniería y Arquitectura |
||
| 999 |
_a004 C85 _wDEWEY _c3 _i74647 _f2021-11-9 _g7 _lCCODEBUL1 _mBUL _p29.80 _q1 _r0 _sY _tBOOK _u2016-9-26 _xINGENIERIA _PP27 _0COMPRA _o.STAFF. Colección Ingeniería y Arquitectura |
||
| 999 |
_a004 C85 2016 _wDEWEY _c1 _iFJ06856 _d2017-3-31 _e2017-3-30 _f2021-12-27 _g4 _lCCODEBUJ1 _mBUJ _n1 _p30.48 _r0 _sY _tBOOK _u2017-2-14 _xINGENIERIA _PP27 _0COMPRA _o.STAFF. Colección General Juliaca |
||
| 980 |
_81 _gALBERTO SANCHEZ Responsable de Automatización |
||